Robotizácia a bezpečnosť práce

Gespeichert in:
Bibliographische Detailangaben
1. Verfasser: Gurecka, Ondrej
Format: Buch
Sprache:Slowakisch
Veröffentlicht: Bratislava Práca 1990
Schriftenreihe:Knižnica bezpečnosti práce Zv. 3/90
Tags: Tag hinzufügen
Keine Tags, Fügen Sie das erste Tag hinzu!

MARC

LEADER 00000nam a2200000 4500
001 c031845
005 20250916122513.5
041 0 |a slo 
044 |a SK 
245 1 0 |a Robotizácia a bezpečnosť práce  |c Ondrej Gurecka 
264 1 |a Bratislava  |b Práca  |c 1990 
300 |a 112 s. 
490 1 |a Knižnica bezpečnosti práce  |v Zv. 3/90 
830 0 |a Knižnica bezpečnosti práce  |v Zv. 3/90 
100 1 |a Gurecka, Ondrej